Giáo trình kỹ năng giao tiếp

Bewaard in:
Bibliografische gegevens
Formaat: Sách
Taal:Undetermined
Gepubliceerd in: Đại học Công nghiệp TP. Hồ Chí Minh 2016
Onderwerpen:
Online toegang:https://opac.iuh.edu.vn/TraCuuTaiLieuSo2XemChiTiet.aspx?Id=99645
Tags: Voeg label toe
Geen labels, Wees de eerste die dit record labelt!
Thư viện lưu trữ: Trung tâm Thư viện - Trường Đại học Công nghiệp TP. Hồ Chí Minh
LEADER 00516nam a2200145Ia 4500
001 UIH_00219
008 230809s9999 xx 000 0 und d
082 |a 153.6 
245 0 |a Giáo trình kỹ năng giao tiếp 
260 |b Đại học Công nghiệp TP. Hồ Chí Minh 
260 |c 2016 
650 |a Giao tiếp; 
856 |u https://opac.iuh.edu.vn/TraCuuTaiLieuSo2XemChiTiet.aspx?Id=99645 
927 |a Sách 
980 |a Trung tâm Thư viện - Trường Đại học Công nghiệp TP. Hồ Chí Minh